हंस अकेलाः (Record no. 70421)

MARC details
000 -LEADER
fixed length control field 02740nam a22003737a 4500
005 - DATE AND TIME OF LATEST TRANSACTION
control field 20121001113850.0
008 - FIXED-LENGTH DATA ELEMENTS--GENERAL INFORMATION
fixed length control field 090408t xxu||||| |||| 00| 0 hin d
010 ## - LCCN (DPL NO)
LC control number HIN-96798 B-492352-355
020 ## - INTERNATIONAL STANDARD BOOK NUMBER
Terms of availability 395.00
International Standard Book Number 9789350009680
035 ## - SYSTEM CONTROL NUMBER
System control number HN-69144 B-492352-355
037 ## - SOURCE OF ACQUISITION
Source of stock number/acquisition DBAD / PUB
037 ## - SOURCE OF ACQUISITION
Source of stock number/acquisition विर्चुअस पब्लिकेशंस
040 ## - CATALOGING SOURCE
Original cataloging agency DPL
Language of cataloging HN
082 ## - DEWEY DECIMAL CLASSIFICATION NUMBER
Classification number
100 ## - MAIN ENTRY--PERSONAL NAME
9 (RLIN) 27482
Personal name गुप्ता, विनीता
245 ## - TITLE STATEMENT
Title हंस अकेलाः
Statement of responsibility, etc विनीता गुप्ता
Remainder of title जैन मुनि आचार्य रूपचन्द्र के जीवन पर आधारित उपन्यास /
246 ## - VARYING FORM OF TITLE
Title proper/short title Hans akela
Remainder of title by Vineeta Gupta
260 ## - PUBLICATION, DISTRIBUTION, ETC. (IMPRINT)
Name of publisher, distributor, etc वाणी प्रकाशन
Date of publication, distribution, etc 2012
Place of publication, distribution, etc नई दिल्ली
270 ## - ADDRESS
Address 4695, 21-ए, दरियागंज
City नई दिल्ली
Postal code 110002
300 1# - PHYSICAL DESCRIPTION
Extent 292 पृ.
Dimensions 22सेमी (सजिल्द)
650 ## - SUBJECT ADDED ENTRY--TOPICAL TERM
9 (RLIN) 1169
650 ## - SUBJECT ADDED ENTRY--TOPICAL TERM
9 (RLIN) 1170
700 ## - ADDED ENTRY--PERSONAL NAME
9 (RLIN) 27483
710 ## - ADDED ENTRY--CORPORATE NAME
9 (RLIN) 52094
711 ## - ADDED ENTRY--MEETING NAME
Meeting name or jurisdiction name as entry element सक्सेना,इरा
9 (RLIN) 52444
942 ## - ADDED ENTRY ELEMENTS (KOHA)
Institution code [OBSOLETE] dpl
Item type Hindi Books
Source of classification or shelving scheme Dewey Decimal Classification
Call number suffix गुप्तावि
Classification part
Holdings
Withdrawn status Lost status Source of classification or shelving scheme Damaged status Not for loan Collection code Home library Current library Date acquired Source of acquisition Cost, normal purchase price Total Checkouts Full call number Barcode Date last seen Copy number Cost, replacement price Koha item type
    Dewey Decimal Classification     Fiction Central Library Central Library 18/02/2013 विर्चुअस पब्लिकेशंस/1305/17.01.13/7/18.12.12/22.01.13 395.00 2 उ गुप्तावि B-492352 16/10/2018 1 395.00 Hindi Books
    Dewey Decimal Classification   Not For Loan Fiction D.B.Act.Division D.B.Act.Division 01/10/2012 DBAD / PUB 395.00   उ गुप्तावि HN-69144 01/10/2012 1 395.00 Hindi Books
    Dewey Decimal Classification     Fiction Sarojini Nagar Sarojini Nagar 18/02/2013 विर्चुअस पब्लिकेशंस/1305/17.01.13/7/18.12.12/22.01.13 395.00   उ गुप्तावि B-492353 18/02/2013 1 395.00 Hindi Books
    Dewey Decimal Classification     Fiction Shahdara Branch Shahdara Branch 18/02/2013 विर्चुअस पब्लिकेशंस/1305/17.01.13/7/18.12.12/22.01.13 395.00 1 उ गुप्तावि B-492355 04/02/2019 1 395.00 Hindi Books
    Dewey Decimal Classification     Fiction Vinoba Puri Vinoba Puri 18/02/2013 विर्चुअस पब्लिकेशंस/1305/17.01.13/7/18.12.12/22.01.13 395.00 2 उ गुप्तावि B-492354 06/06/2013 1 395.00 Hindi Books

© Delhi Public Library
Hit Counter
free hit counter